000
00244 a2200097 4500
001
51498
100
_a
Taylor J W R
245
_a
Jane's All the World's Aircraft (1984-85)
260
_a
London
_b
Jane's Publishers Co.
_c
090
_c
32622
_d
32622
942
_a
NUST-CAE
_c
M
_c
25139
999
_c
286571
_d
286571